[Event "Regionalliga SO 1415"]
[Site "Bayern"]
[Date "2015.04.12"]
[Round "9.3"]
[White "Westenthanner, Paul"]
[Black "Mayr, Florian"]
[Result "0-1"]
[WhiteElo "1931"]
[BlackElo "2092"]
[PlyCount "86"]
[EventDate "2014.10.19"]
[EventType "team-tourn"]
[EventRounds "9"]
[EventCountry "GER"]
[SourceTitle "EXT 2018"]
[Source "ChessBase"]
[SourceDate "2017.10.13"]
[SourceVersion "1"]
[SourceVersionDate "2017.10.13"]
[SourceQuality "1"]
[WhiteTeam "Landshut"]
[BlackTeam "Starnberger See"]
[WhiteTeamCountry "GER"]
[BlackTeamCountry "GER"]

1. c4 f5 2. Nf3 Nf6 3. g3 g6 4. Bg2 Bg7 5. Nc3 d6 6. d4 0-0 7. 0-0 Qe8 8. Bg5 e5 9. Bxf6 Bxf6 10. dxe5 dxe5 11. e4 c6 12. Qe2 Bg7 13. b4 f4 14. Na4 Qe7 15. Nc5 g5 16. Nd2 b6 17. Nd3 Be6 18. g4 Qd7 19. Rad1 Bxg4 20. Nf3 Qe7 21. h3 Bh5 22. Qc2 g4 23. hxg4 Bxg4 24. Rfe1 Nd7 25. c5 Rf6 26. Kf1 Rg6 27. Rd2 Bh5 28. Qd1 Nf8 29. Qb3+ Kh8 30. Rc1 b5 31. a4 a6 32. Ra1 Re8 33. axb5 axb5 34. Qa2 Qf6 35. Nde1 Ne6 36. Rd6 Rxg2 37. Kxg2 Qg6+ 38. Kf1 Bg4 39. Qb1 Qh5 40. Qd3 Qh1+ 41. Ng1 Nd4 42. Ra2 f3 43. Rxd4 Bh3+ 0-1

[Event "Regionalliga SO 0405"]
[Site "Bayern"]
[Date "2005.02.13"]
[Round "7.5"]
[White "Siebert, Joachim"]
[Black "Mayr, Florian"]
[Result "0-1"]
[WhiteElo "1904"]
[BlackElo "1992"]
[PlyCount "82"]
[EventDate "2004.10.24"]
[EventType "team-tourn"]
[EventRounds "9"]
[EventCountry "GER"]
[SourceTitle "EXT 2007"]
[Source "ChessBase"]
[SourceDate "2006.11.23"]
[SourceVersion "1"]
[SourceVersionDate "2006.11.23"]
[SourceQuality "1"]
[WhiteTeam "Landshut"]
[BlackTeam "Starnberg"]
[WhiteTeamCountry "GER"]
[BlackTeamCountry "GER"]

1. d4 e6 2. c4 c5 3. d5 Nf6 4. Nc3 d6 5. e4 Be7 6. Bd3 e5 7. Nge2 0-0 8. h3 Ne8 9. g4 Bh4 10. Be3 a6 11. Qd2 Bd7 12. 0-0-0 b5 13. f4 exf4 14. Bxf4 b4 15. Nb1 Qa5 16. b3 Qb6 17. Bg5 Bxg5 18. Qxg5 a5 19. Ng3 a4 20. Bc2 axb3 21. Bxb3 Rxa2 22. Bxa2 b3 23. Qd2 bxa2 24. Qxa2 Na6 25. Rh2 Nb4 26. Qb3 Nc7 27. Rb2 Ra8 28. Nc3 Ra5 29. Kd2 Qa6 30. Rbb1 Ba4 31. Nxa4 Rxa4 32. Qc3 Ra2+ 33. Ke1 Qa4 34. Nf5 Ne8 35. Rd2 Ra3 36. Qc1 Rxh3 37. Ra1 Qxa1 38. Qxa1 Rh1+ 39. Ke2 Rxa1 40. e5 Ra2 41. g5 Ra6 0-1

[Event "Regionalliga SO 0203"]
[Site "Bayern"]
[Date "2002.12.15"]
[Round "3.7"]
[White "Wagner, Hermann"]
[Black "Mayr, Florian"]
[Result "0-1"]
[WhiteElo "1834"]
[BlackElo "1985"]
[PlyCount "82"]
[EventDate "2002.10.20"]
[EventType "team"]
[EventRounds "9"]
[EventCountry "GER"]
[SourceTitle "EXT 2004"]
[Source "ChessBase"]
[SourceDate "2003.11.25"]
[SourceVersion "1"]
[SourceVersionDate "2003.11.25"]
[SourceQuality "1"]
[WhiteTeam "Landshut"]
[BlackTeam "Starnberg"]
[WhiteTeamCountry "GER"]
[BlackTeamCountry "GER"]

1. e4 c5 2. c3 d5 3. exd5 Qxd5 4. d4 Nc6 5. Nf3 Bg4 6. Be2 cxd4 7. cxd4 e6 8. Nc3 Qa5 9. 0-0 Rd8 10. Be3 Bd6 11. Qb3 Nge7 12. Rad1 0-0 13. h3 Bh5 14. Ne4 Qd5 15. Qxd5 Nxd5 16. Nxd6 Rxd6 17. g4 Bg6 18. Ne5 Nxe3 19. fxe3 Nxe5 20. dxe5 Rxd1 21. Rxd1 Be4 22. Kf2 Bd5 23. a3 Rc8 24. Rd2 Kf8 25. Bf3 Ke7 26. Kg3 Rc5 27. Bd1 Bc6 28. Kf4 h6 29. h4 g5+ 30. hxg5 hxg5+ 31. Kxg5 Rxe5+ 32. Kf4 Re4+ 33. Kf3 Rd4+ 34. Ke2 Rxg4 35. Kd3 Bb5+ 36. Kc2 Re4 37. Bf3 Rxe3 38. Bxb7 Ba4+ 39. b3 Rxb3 40. Bc6 Rb5+ 41. Kd3 Ra5 0-1

[Event "Regionalliga SO 0102"]
[Site "Bayern"]
[Date "2002.04.14"]
[Round "8.8"]
[White "Linner, Christian"]
[Black "Mayr, Florian"]
[Result "0-1"]
[WhiteElo "1950"]
[BlackElo "1965"]
[PlyCount "104"]
[EventDate "2001.10.07"]
[EventType "team"]
[EventRounds "9"]
[EventCountry "GER"]
[SourceTitle "EXT 2003"]
[Source "ChessBase"]
[SourceDate "2002.11.25"]
[SourceVersion "1"]
[SourceVersionDate "2002.11.25"]
[SourceQuality "1"]
[WhiteTeam "Vogtareuth"]
[BlackTeam "Starnberg"]
[WhiteTeamCountry "GER"]
[BlackTeamCountry "GER"]

1. Nf3 g6 2. g3 Bg7 3. Bg2 d6 4. 0-0 e5 5. d4 e4 6. Ne1 f5 7. c4 Nf6 8. Bg5 h6 9. Bxf6 Qxf6 10. Nc2 Be6 11. d5 Bf7 12. Nc3 h5 13. f3 h4 14. fxe4 hxg3 15. hxg3 Qg5 16. Qd3 Be5 17. exf5 gxf5 18. Rxf5 Qg7 19. Ne4 Bg6 20. Raf1 Nd7 21. b4 Qh7 22. Rg5 Ke7 23. Ne1 Nf6 24. Rxe5+ dxe5 25. d6+ Kf7 26. Rxf6+ Kg7 27. Rxg6+ Qxg6 28. dxc7 Qb6+ 29. Nc5 Rac8 30. Qd7+ Kf6 31. Be4 Rxc7 32. Qf5+ Kg7 33. Qxe5+ Kh6 34. Qf4+ Kg7 35. Qg5+ Kf8 36. Qf5+ Rf7 37. Qc8+ Kg7 38. Qg4+ Kf8 39. Bd5 Qxb4 40. Qc8+ Kg7 41. Qg4+ Kf8 42. Nd7+ Ke7 43. Nf3 Qb1+ 44. Kf2 Rh2+ 45. Ke3 Qc1+ 46. Kd3 Qa3+ 47. Kd4 Rxe2 48. Qg5+ Kxd7 49. Ne5+ Rxe5 50. Qxe5 Qb2+ 51. Ke4 Re7 52. Qxe7+ Kxe7 0-1

[Event "Regionalliga SO 0102"]
[Site "Bayern"]
[Date "2002.02.03"]
[Round "5.8"]
[White "Brandl, Franz"]
[Black "Mayr, Florian"]
[Result "1/2-1/2"]
[WhiteElo "2050"]
[BlackElo "1965"]
[PlyCount "98"]
[EventDate "2001.10.07"]
[EventType "team"]
[EventRounds "9"]
[EventCountry "GER"]
[SourceTitle "EXT 2003"]
[Source "ChessBase"]
[SourceDate "2002.11.25"]
[SourceVersion "1"]
[SourceVersionDate "2002.11.25"]
[SourceQuality "1"]
[WhiteTeam "Unterpfaffenhofen"]
[BlackTeam "Starnberg"]
[WhiteTeamCountry "GER"]
[BlackTeamCountry "GER"]

1. e4 c5 2. c3 d5 3. exd5 Qxd5 4. d4 Nc6 5. Nf3 Bg4 6. Be2 cxd4 7. cxd4 e6 8. 0-0 Nf6 9. h3 Bh5 10. Nc3 Qa5 11. Bd2 a6 12. g4 Bg6 13. Bc4 Qc7 14. d5 exd5 15. Nxd5 Nxd5 16. Bxd5 Be7 17. Rc1 0-0 18. Qa4 Qb6 19. Bc3 Nb4 20. Bd4 Qb5 21. Qxb5 axb5 22. Bxb7 Rxa2 23. Ne5 Bc2 24. Bc3 Bb3 25. Be4 Ra4 26. Nc6 Bd6 27. Nxb4 Bxb4 28. Bc6 Bc4 29. Rfe1 Bxc3 30. Rxc3 Ra6 31. Bg2 g6 32. Bf1 Bxf1 33. Kxf1 Rd8 34. Re7 Rf6 35. Rb3 Rd5 36. Ke2 Rb6 37. Rf3 Re6+ 38. Rxe6 fxe6 39. Rf6 Rd6 40. Ke3 Rd1 41. Rf4 g5 42. Re4 Kf7 43. Re5 b4 44. Rb5 Rh1 45. Rxb4 Rxh3+ 46. f3 Kf6 47. Rb8 h5 48. gxh5 g4 49. Rf8+ Ke7 1/2-1/2

[Event "Regionalliga SO 0102"]
[Site "Bayern"]
[Date "2001.11.25"]
[Round "3.8"]
[White "Scholl, Reinhard"]
[Black "Mayr, Florian"]
[Result "1/2-1/2"]
[WhiteElo "1845"]
[BlackElo "1965"]
[PlyCount "68"]
[EventDate "2001.10.07"]
[EventType "team"]
[EventRounds "9"]
[EventCountry "GER"]
[SourceTitle "EXT 2003"]
[Source "ChessBase"]
[SourceDate "2002.11.25"]
[SourceVersion "1"]
[SourceVersionDate "2002.11.25"]
[SourceQuality "1"]
[WhiteTeam "Landshut"]
[BlackTeam "Starnberg"]
[WhiteTeamCountry "GER"]
[BlackTeamCountry "GER"]

1. d4 Nf6 2. Nf3 g6 3. Bf4 Bg7 4. e3 c5 5. c3 0-0 6. dxc5 b6 7. cxb6 Qxb6 8. Qb3 Qxb3 9. axb3 d6 10. Be2 Bb7 11. 0-0 a5 12. Nfd2 Bd5 13. Na3 Nc6 14. Nac4 Bxc4 15. Bxc4 Rfb8 16. Ra2 Ra7 17. Be2 Nd5 18. Bf3 Nxf4 19. exf4 d5 20. Bxd5 Rd7 21. Bxc6 Rxd2 22. Rxa5 Rxb3 23. Rb5 Rbxb2 24. Rxb2 Rxb2 25. c4 Rc2 26. Bb5 Bd4 27. g3 Kg7 28. Kg2 h5 29. h4 Kf6 30. Kf3 Bc5 31. Ba6 Ra2 32. Bb5 Rc2 33. Ba6 Ra2 34. Bb5 Rc2 1/2-1/2

[Event "Regionalliga SO 0102"]
[Site "Bayern"]
[Date "2001.11.11"]
[Round "2.7"]
[White "Fischer, Oliver1111"]
[Black "Mayr, Florian"]
[Result "0-1"]
[WhiteElo "2060"]
[BlackElo "1965"]
[PlyCount "118"]
[EventDate "2001.10.07"]
[EventType "team"]
[EventRounds "9"]
[EventCountry "GER"]
[SourceTitle "EXT 2003"]
[Source "ChessBase"]
[SourceDate "2002.11.25"]
[SourceVersion "1"]
[SourceVersionDate "2002.11.25"]
[SourceQuality "1"]
[WhiteTeam "Freising"]
[BlackTeam "Starnberg"]
[WhiteTeamCountry "GER"]
[BlackTeamCountry "GER"]

1. Nf3 g6 2. c4 Bg7 3. Nc3 d6 4. d4 Nd7 5. e4 c5 6. d5 Ngf6 7. Be2 0-0 8. 0-0 Ne8 9. Bg5 a6 10. a4 Nc7 11. Qd2 Rb8 12. h3 Nf6 13. Rfd1 Nfe8 14. Re1 Bd7 15. Bh6 f6 16. Bxg7 Kxg7 17. a5 b5 18. axb6 Rxb6 19. Ra2 Qb8 20. Bf1 Na8 21. Nh2 Rb4 22. f4 Nb6 23. e5 Nc7 24. exf6+ exf6 25. Re7+ Rf7 26. Rxf7+ Kxf7 27. Ne4 Qf8 28. Qc3 Qe7 29. Nd2 Na4 30. Qc1 Qe3+ 31. Kh1 Qxf4 32. b3 Nb6 33. Rc2 Bf5 34. Rc3 a5 35. g4 Be4+ 36. Nxe4 Qxe4+ 37. Bg2 Qe8 38. Re3 Qd8 39. Rf3 a4 40. Qh6 Kg8 41. bxa4 Nxc4 42. Rf1 Qe7 43. Nf3 Rxa4 44. Re1 Ne5 45. Nxe5 fxe5 46. Be4 Qf8 47. Qg5 Ne8 48. Bg2 Qf6 49. Qd2 Rf4 50. Rb1 e4 51. Rb8 Kf8 52. Rb3 g5 53. Qa2 Qe5 54. Rb7 e3 55. Rb2 Qd4 56. Qb1 Rf2 57. Rxf2+ exf2 58. Qxh7 Qd1+ 59. Kh2 Qg1+ 0-1

[Event "Landesliga Sued 9899"]
[Site "Bayern"]
[Date "1999.04.11"]
[Round "7.8"]
[White "Mayr, Florian"]
[Black "Trassl, Franz"]
[Result "1-0"]
[WhiteElo "1990"]
[BlackElo "2065"]
[PlyCount "121"]
[EventDate "1998.11.10"]
[EventType "team-tourn"]
[EventRounds "9"]
[EventCountry "GER"]
[SourceTitle "EXT 2020"]
[Source "ChessBase"]
[SourceDate "2019.10.17"]
[SourceVersion "1"]
[SourceVersionDate "2019.10.17"]
[SourceQuality "1"]
[WhiteTeam "Starnberg SC"]
[BlackTeam "Krumbach"]
[WhiteTeamCountry "GER"]
[BlackTeamCountry "GER"]

1. e4 g6 2. d4 Bg7 3. Bc4 d6 4. Nf3 Nf6 5. Nc3 a6 6. Bb3 Nc6 7. h3 b5 8. Qe2 Na5 9. e5 Ng8 10. Bxf7+ Kxf7 11. Ng5+ Ke8 12. Qf3 Bf5 13. g4 h6 14. gxf5 hxg5 15. fxg6 Nh6 16. Bxg5 Rf8 17. Qe4 Rb8 18. Bxh6 Bxh6 19. g7 Bxg7 20. Qg6+ Kd7 21. Qxg7 Nc6 22. Qg4+ Ke8 23. e6 Qc8 24. Qg6+ Kd8 25. 0-0-0 Qb7 26. Qg7 Re8 27. Rhg1 Nb4 28. Qf7 Qc6 29. d5 Nxd5 30. Rxd5 Kc8 31. Rd3 Kb7 32. Qf3 Rf8 33. Qxc6+ Kxc6 34. Nd1 Rf6 35. Re3 d5 36. Rgg3 Kd6 37. Rgf3 d4 38. Rd3 c5 39. Rxf6 exf6 40. c3 Kd5 41. cxd4 cxd4 42. Ra3 Kxe6 43. Rxa6+ Ke5 44. Kd2 f5 45. h4 b4 46. b3 Ke4 47. h5 f4 48. h6 Rb7 49. Rg6 Ra7 50. Rg7 Rxa2+ 51. Ke1 Ra6 52. h7 Rh6 53. Ke2 Rh3 54. f3+ Kd5 55. Nf2 d3+ 56. Kxd3 Rh6 57. Rb7 Kc6 58. Rf7 Kd5 59. Ng4 Rh3 60. Rxf4 Ke6 61. Rf6+ 1-0